[Event "Zt"]
[Site "masterchessopen.com - Teheran (Iran)"]
[Round "9"]
[White "Kayle Charles (PLE)"]
[Black "Jalal A Ali (IRQ)"]
[Result "0-1"]
[WhiteElo "2061"]
[BlackElo "2193"]

1.d4 c5 2.d5 e5 3.c4 d6 4.Nc3 f5 5.e4 Nf6 6.Bd3 f4 7.h4 Be7 8.Bd2 Na6 9.Nh3
Ng4 10.g3 fxg3 11.fxg3 Bxh4 12.gxh4 Qxh4+ 13.Ke2 Nh2 14.Nf2 Bg4+ 15.Nxg4 Qxg4+
16.Ke3 Qf4+ 17.Ke2 Qf3+ 18.Ke1 Qxh1+ {#R} 0-1

[Event "It (cat.4)"]
[Site "masterchessopen.com - Tel Aviv (Israel)"]
[Round "2"]
[White "Bykhovsky Avigdor (RUS)"]
[Black "Vovsha Eli (ISR)"]
[Result "1-0"]
[WhiteElo "2400"]
[BlackElo "2240"]

1.d4 c5 2.d5 e5 3.e4 d6 4.Nf3 a6 5.a4 Be7 6.h3 Nf6 7.Nc3 O-O 8.Be2 Ne8 9.g4
Bd7 10.Be3 Nc7 11.Nxe5 dxe5 12.d6 Ne6 13.dxe7 Qxe7 14.Nd5 Qd8 15.a5 Bc6 16.Nb6
Ra7 17.Qxd8 Rxd8 18.f3 Nd4 19.Bd1 Nd7 20.c3 Ne6 21.Nc4 Nf4 22.Bb3 Nd3+ 23.Kd2
Nf6 24.Kc2 Bb5 25.Rhd1 {#r} 1-0

[Event "It (open)"]
[Site "masterchessopen.com - Viareggio (Italy)"]
[Round "0"]
[White "Efimov Igor (MNC)"]
[Black "D'Amore Emanuele (ITA)"]
[Result "1-0"]
[WhiteElo "2540"]
[BlackElo "2265"]

1.d4 c5 2.d5 e5 3.e4 d6 4.Nc3 Be7 5.Bb5+ Kf8 6.Nf3 Bg4 7.Be3 Bxf3 8.Qxf3 Bg5
9.O-O a6 10.Be2 Nd7 11.a4 g6 12.Ra3 Kg7 13.Nd1 h5 14.Bxg5 Qxg5 15.Nc3 Nh6 {#r}
1-0

[Event "It (open)"]
[Site "masterchessopen.com - Wattens (Austria)"]
[Round "0"]
[White "Ungureanu Emil (ROM)"]
[Black "Popow Alexander (GER)"]
[Result "1-0"]
[WhiteElo "2330"]
[BlackElo "2055"]

1.d4 c5 2.d5 e5 3.e4 d6 4.Nc3 a6 5.a4 f5 6.exf5 Bxf5 7.Nge2 Nf6 8.Ng3 Bg6
9.Bd3 Bf7 10.Bg5 Be7 11.Nf5 O-O 12.O-O Nxd5 13.Bxe7 Nxe7 14.Nxd6 Be6 15.Qh5
Ng6 16.Bxg6 hxg6 17.Qxe5 Bf5 18.Nxf5 Rxf5 19.Qe6+ Kh7 20.Rad1 Qf8 21.Rd3 Nc6
22.Rh3+ Rh5 23.Ne4 Re8 24.Rxh5+ gxh5 25.Ng5+ Kh8 26.Qg6 {#r} 1-0

[Event "It (open)"]
[Site "masterchessopen.com - Bad Wiessee (Germany)"]
[Round "1"]
[White "Martin Stefan (GER)"]
[Black "Rahls Peter (GER)"]
[Result "0-1"]
[WhiteElo "2198"]
[BlackElo "2205"]

1.d4 c5 2.d5 e5 3.e4 d6 4.Bd3 Be7 5.Ne2 a6 6.c4 Bg5 7.Nd2 Ne7 8.O-O O-O 9.Qc2
Ng6 10.Rb1 Nd7 11.a3 Nf6 12.Ng3 Bf4 13.Nf5 Ng4 14.Nf3 Bxf5 15.exf5 Nh4 16.Bxf4
exf4 17.Nd2 Qg5 18.Ne4 Qh6 19.h3 Ne5 20.Rbe1 Nxf5 21.Nxc5 Nd4 22.Qd1 f3 23.Re3
Qg5 24.g3 {#R} 0-1

[Event "It (open)"]
[Site "masterchessopen.com - Gent (Belgium)"]
[Round "0"]
[White "Van Der Stricht Geert (BEL)"]
[Black "Vermaat Marcel (NED)"]
[Result "1-0"]
[WhiteElo "2355"]
[BlackElo "2124"]

1.d4 c5 2.d5 e5 3.e4 d6 4.Nc3 g6 5.Be2 Bg7 6.a4 Ne7 7.a5 a6 8.h4 f5 9.h5 Nd7
10.Bg5 Bf6 11.Nf3 Kf7 12.Qd2 f4 13.g3 h6 14.Bxf6 Nxf6 15.gxf4 exf4 16.hxg6+
Nxg6 17.Nh4 Nxh4 18.Rxh4 Rg8 19.O-O-O Qxa5 20.Qxf4 Ke7 21.Rxh6 Rf8 22.e5 {#r}
1-0

[Event "Oberliga Northeast 1997/98"]
[Site "masterchessopen.com - Germany"]
[Round "0"]
[White "Heinsohn Michael (GER)"]
[Black "Rahls Peter (GER)"]
[Result "0-1"]
[WhiteElo "2013"]
[BlackElo "2205"]

1.d4 c5 2.d5 e5 3.c4 d6 4.Nc3 Be7 5.e4 Bg5 6.Nf3 Bxc1 7.Rxc1 Ne7 8.g3 O-O
9.Bg2 Bg4 10.Qb3 Nd7 11.O-O Rb8 12.Ne1 f5 13.h3 Bh5 14.exf5 Nxf5 15.g4 Nd4
16.Qd1 Bg6 17.Ne2 Qg5 18.Rc3 a6 19.Ng3 b5 20.cxb5 axb5 21.Nf3 Qd8 22.Nd2 Nb6
23.Nb3 Na4 24.Qd2 Nxc3 25.bxc3 Nf3+ 26.Bxf3 Rxf3 {#R} 0-1

[Event "Cup Tenkes (open)"]
[Site "masterchessopen.com - Harkany (Hungary)"]
[Round "0"]
[White "Krutti Valer (HUN)"]
[Black "Gal Karoly (HUN)"]
[Result "1-0"]
[WhiteElo "2360"]
[BlackElo "2064"]

1.d4 c5 2.d5 e5 3.e4 d6 4.h3 Be7 5.Nf3 f5 6.Bb5+ Bd7 7.Bxd7+ Qxd7 8.exf5 Qxf5
9.Nc3 a6 10.a4 Nd7 11.a5 h6 12.O-O Ngf6 13.Nd2 O-O 14.Nc4 Rfb8 15.f4 exf4
16.Bxf4 Qh5 17.Nxd6 Bxd6 18.Bxd6 Re8 19.Qd3 Qh4 20.Ra4 Qg5 21.Raf4 Ne5 22.Bxe5
Qxe5 23.Rxf6 {#r} 1-0

[Event "Ch Hungary (team) 1997/98 (2 liga)"]
[Site "masterchessopen.com - Hungary"]
[Round "0"]
[White "Molnar Laszlo (HUN)"]
[Black "Tivolt Ferenc (HUN)"]
[Result "1-0"]
[WhiteElo "2140"]
[BlackElo "2024"]

1.d4 c5 2.d5 e5 3.c4 g6 4.Nc3 f5 5.e4 Qf6 6.exf5 gxf5 7.Be2 d6 8.Bh5+ Kd8
9.Nf3 h6 10.O-O Ne7 11.Qa4 Nd7 12.Bd2 Rg8 13.Nb5 b6 14.b4 Bb7 15.Bc3 a6
16.Nxd6 Qxd6 17.Nxe5 Nxe5 18.bxc5 Qd7 19.Qb3 b5 20.Bxe5 bxc4 21.Qb6+ Kc8
22.Be8 Bxd5 {#r} 1-0

[Event "Ch Hungary (team) 1997/98 (2 liga)"]
[Site "masterchessopen.com - Hungary"]
[Round "0"]
[White "Paszler Jozsef (HUN)"]
[Black "Tivolt Ferenc (HUN)"]
[Result "0-1"]
[WhiteElo "2200"]
[BlackElo "2024"]

1.d4 c5 2.d5 e5 3.dxe6 fxe6 4.Nf3 Nf6 5.Bg5 h6 6.Bh4 Qb6 7.Bxf6 gxf6 8.b3 d5
9.e3 Rg8 10.Nh4 Qb4+ {#R} 0-1

[Event "It (open)"]
[Site "masterchessopen.com - Karvina (Czech Republic)"]
[Round "0"]
[White "Mashinskaya Iulia (RUS)"]
[Black "Kutynec Vladimir (RUS)"]
[Result "1-0"]
[WhiteElo "2325"]
[BlackElo "2320"]

1.d4 c5 2.d5 e5 3.dxe6 fxe6 4.e4 d5 5.exd5 exd5 6.Nc3 Nf6 7.Bg5 Be7 8.Nf3 d4
9.Bxf6 Bxf6 10.Ne4 O-O 11.Bc4+ Kh8 12.O-O Nc6 13.Nxc5 Qe7 14.Nb3 Bg4 15.Re1
Qb4 16.Be2 d3 17.Qxd3 Bxb2 18.Rab1 Bc3 19.Nbd2 Rad8 20.Rxb4 Rxd3 21.Rxg4 Ne5
22.Nxe5 Rxd2 23.Ng6+ hxg6 24.Rh4+ Kg8 25.Bc4+ Rf7 26.Re8# 1-0

[Event "Ch Russia (juniors) (under 18)"]
[Site "masterchessopen.com - Kolontaevo (Russia)"]
[Round "9"]
[White "Gitkis Dmitry (RUS)"]
[Black "Bespalov Konstantin (RUS)"]
[Result "0-1"]
[WhiteElo "2171"]
[BlackElo "2210"]

1.d4 c5 2.d5 e5 3.c4 d6 4.e4 Ne7 5.g3 Ng6 6.Bg2 Be7 7.Ne2 O-O 8.O-O Nd7 9.f4
exf4 10.gxf4 f5 11.Nbc3 Nh4 12.Bh1 fxe4 13.Nxe4 b5 14.cxb5 a6 15.b4 Bf6 16.Rb1
cxb4 17.Nd4 axb5 18.Rf2 Nc5 19.Ne6 Nxe4 20.Bxe4 Qb6 21.Qb3 Bd4 22.Nxd4 Qxd4
23.Qxb4 Qd1+ 24.Rf1 Qg4+ 25.Kh1 Ra4 26.Qe1 Rxe4 {#R} 0-1

[Event "It (open)"]
[Site "masterchessopen.com - Krynica (Poland)"]
[Round "0"]
[White "Gawronski Lukasz (POL)"]
[Black "Rumiancev Gennadij (UKR)"]
[Result "0-1"]
[WhiteElo "2072"]
[BlackElo "2395"]

1.d4 c5 2.d5 e5 3.Nc3 d6 4.e4 Be7 5.f4 exf4 6.Bxf4 g5 7.Bg3 h5 8.Qd2 h4 9.Bf2
a6 10.a4 Nd7 11.h3 Ngf6 12.Be3 Nh5 13.Nf3 Ng3 14.Rg1 Rg8 15.Bd3 Bf6 16.a5 Ne5
17.Nxe5 Bxe5 18.O-O-O Qxa5 19.Nb1 Qa1 20.c3 b5 21.Bxg5 c4 22.Bxh4 cxd3 23.Qxd3
b4 24.Qc4 bxc3 25.Qc6+ Kf8 26.bxc3 Rb8 27.Kc2 Qb2+ {#R} 0-1

[Event "It (open)"]
[Site "masterchessopen.com - Krynica (Poland)"]
[Round "0"]
[White "Koziak Vitali (UKR)"]
[Black "Krogulski Grzegorz (POL)"]
[Result "1-0"]
[WhiteElo "2450"]
[BlackElo "2325"]

1.d4 c5 2.d5 e5 3.e4 d6 4.Nc3 a6 5.a4 Be7 6.Be2 Bg5 7.Bxg5 Qxg5 8.Nf3 Qxg2
9.Rg1 Qh3 10.Rxg7 Qh6 11.Rg5 f6 12.Rg3 Ne7 13.Qd2 Qxd2+ 14.Nxd2 h5 15.Nc4 Nd7
16.Nxd6+ Kf8 17.O-O-O h4 18.Rg2 Nb6 19.a5 Bh3 20.Rgg1 Nd7 21.Rd3 {#r} 1-0

[Event "It (young masters)"]
[Site "masterchessopen.com - Loures (Portugal)"]
[Round "2"]
[White "Matamoros Franco Carlos S (ECU)"]
[Black "Cordovil Joao (POR)"]
[Result "1-0"]
[WhiteElo "2450"]
[BlackElo "2220"]

1.d4 c5 2.d5 e5 3.e4 a6 4.a4 d6 5.Be2 g6 6.Nf3 h5 7.Na3 Nd7 8.O-O Bh6 9.Nc4
Nb6 10.Nfd2 Nf6 11.Nxb6 Qxb6 12.Nc4 Qc7 13.Bxh6 Rxh6 14.Qc1 Rh7 15.f4 Nxe4
16.Bd3 f5 17.Bxe4 fxe4 18.fxe5 dxe5 19.Qg5 Bf5 20.Rxf5 gxf5 21.Qg8+ {#r} 1-0

[Event "It (open)"]
[Site "masterchessopen.com - Nova Gorica (Slovenia)"]
[Round "1"]
[White "Cvitan Ognjen (CRO)"]
[Black "Skoberne Renato (SLO)"]
[Result "1-0"]
[WhiteElo "2525"]
[BlackElo "2123"]

1.d4 c5 2.d5 e5 3.e4 d6 4.Nc3 a6 5.a4 b6 6.Nf3 Nf6 7.Be2 g6 8.Nd2 Bg7 9.Nc4
O-O 10.O-O Ne8 11.f4 exf4 12.Bxf4 Ra7 13.Qd3 f5 14.Qg3 Bd4+ 15.Kh1 Bxc3
16.bxc3 fxe4 17.Bxd6 Nxd6 18.Nxd6 Rxf1+ 19.Rxf1 Re7 20.Nxc8 Qxc8 21.Bg4 Nd7
22.Be6+ Kg7 23.h4 h6 24.Rf4 Rxe6 25.dxe6 Nf6 26.Rxf6 Kxf6 27.Qf4+ {#r} 1-0

[Event "Ch Norway"]
[Site "masterchessopen.com - Oslo (Norway)"]
[Round "2"]
[White "Ogaard Leif (NOR)"]
[Black "Andersen Lars Even (NOR)"]
[Result "1-0"]
[WhiteElo "2405"]
[BlackElo "2299"]

1.d4 c5 2.d5 e5 3.e4 d6 4.Nc3 g6 5.Be2 Bg7 6.Nf3 h6 7.Nd2 f5 8.Nc4 Nf6 9.exf5
Bxf5 10.g4 Bc8 11.Qd3 e4 12.Nxe4 O-O 13.Nexd6 b5 14.Qxg6 bxc4 15.Bxh6 Qe7
16.Nxc8 Rxc8 17.d6 Qb7 18.Bf3 Nc6 19.g5 Nh7 20.Rd1 Ne5 21.Bd5+ Kh8 22.Bxg7+
Qxg7 23.Qxg7+ Kxg7 24.d7 {#r} 1-0

[Event "Ch Slovakia"]
[Site "masterchessopen.com - Prievidza (Slovakia)"]
[Round "3"]
[White "Krak Tomas (SVK)"]
[Black "Bakalar Jan (SVK)"]
[Result "0-1"]
[WhiteElo "2282"]
[BlackElo "2017"]

1.d4 c5 2.d5 e5 3.c4 d6 4.Nc3 Ne7 5.e4 Ng6 6.Bd3 Be7 7.Nge2 Bg5 8.a3 O-O 9.O-O
a6 10.b4 Nd7 11.Ng3 Bxc1 12.Rxc1 cxb4 13.axb4 a5 14.Ra1 Nf4 15.Nb5 Nf6 16.c5
dxc5 17.bxc5 N6xd5 18.exd5 Qxd5 19.Be4 Qxc5 20.Nd6 Rd8 21.Nxb7 Bxb7 22.Bxh7+
Kh8 {#R} 0-1

[Event "It"]
[Site "masterchessopen.com - Ptuj (Slovenia)"]
[Round "0"]
[White "Brglez Rado (SLO)"]
[Black "Krumpacnik Domen (SLO)"]
[Result "1-0"]
[WhiteElo "2260"]
[BlackElo "2380"]

1.d4 c5 2.d5 e5 3.e4 d6 4.Nc3 Be7 5.Be2 Bg5 6.Bxg5 Qxg5 7.Nf3 Qe7 8.O-O Nh6
9.Nd2 O-O 10.Nc4 f5 11.f4 exf4 12.Rxf4 Nd7 13.exf5 Rxf5 14.Qd2 Ne5 15.Raf1 Bd7
16.Nxe5 Rxe5 17.Bf3 Re8 18.Re4 Bf5 19.Re2 Rxe2 20.Nxe2 Ng4 21.Ng3 Qh4 22.Bxg4
Bxg4 23.Qf4 {#r} 1-0

[Event "It (open)"]
[Site "masterchessopen.com - Regensburg (Germany)"]
[Round "6"]
[White "Ballo Harald (GER)"]
[Black "Freitag H"]
[Result "1-0"]
[WhiteElo "1981"]
[BlackElo "1740"]

1.d4 c5 2.d5 e5 3.dxe6 fxe6 4.e4 d5 5.Bb5+ Nc6 6.exd5 exd5 7.Qh5+ g6 8.Qe2+
Qe7 9.Bg5 Qxe2+ 10.Nxe2 Bg7 11.Nbc3 Ne7 12.Bxe7 Kxe7 13.Nxd5+ Kf7 14.O-O-O a6
15.Bc4 Be6 16.Nb6 Rad8 17.Bxe6+ Kxe6 18.Nf4+ Kf5 19.Nd3 c4 20.Nxc4 b5 21.Ne3+
{#r} 1-0

[Event "Ch Spain (team)"]
[Site "masterchessopen.com - Salamanca (Spain)"]
[Round "3"]
[White "Oms Pallise Josep (AND)"]
[Black "Lopez Colon Francisco (ESP)"]
[Result "1-0"]
[WhiteElo "2440"]
[BlackElo "2250"]

1.d4 c5 2.d5 e5 3.e4 d6 4.Nc3 Be7 5.f4 exf4 6.Bxf4 Nf6 7.Be2 Qa5 { ?! } 8.Qd2
a6 { ?! } 9.Nf3 O-O 10.O-O b5 11.Bxd6 { ! } 11...Bxd6 12.e5 b4 ( 12...Bxe5 )
13.exf6 Re8 ( 13...bxc3 { ? } 14.Qg5 { +?? } ) 14.Bd3 { ! } 14...bxc3 15.Bxh7+
{ ! } 15...Kxh7 16.Qg5 gxf6 ( 16...g6 17.Qh4+ Kg8 18.Ng5 { +?? } ) ( 16...Rg8
17.Qh5# ) 17.Qh5+ Kg7 18.Ng5 { ! } 18...Qc7 ( 18...fxg5 19.Rxf7+ Kg8 20.Qh7# )
( 18...Bxh2+ 19.Kh1 ) 19.Qh7+ Kf8 20.Rxf6 Ra7 21.Raf1 { +?? } 21...Ke7
22.Rxf7+ Kd8 23.Rxc7 Rxc7 24.Nf7+ Rxf7 25.Qxf7 cxb2 26.Qf6+ Kc7 27.Qxb2 Re2
28.Qc3 { } 1-0

[Event "Ch Pan-American"]
[Site "masterchessopen.com - San Felipe (Venezuela)"]
[Round "1"]
[White "Hernandez Yudania (ESP)"]
[Black "Chang Suzana (BRA)"]
[Result "0-1"]
[WhiteElo "2275"]
[BlackElo "2001"]

1.d4 c5 2.d5 e5 3.c4 d6 4.Nc3 Be7 5.e4 Bg5 6.Nf3 Bxc1 7.Rxc1 Ne7 8.b4 b6
9.bxc5 bxc5 10.Be2 O-O 11.O-O f5 12.Ng5 fxe4 13.Bg4 Nf5 14.Ncxe4 h6 15.Bxf5
Bxf5 16.Ne6 Qe7 17.Qd3 Bxe6 18.dxe6 Qxe6 19.Nxd6 Rf4 20.Ne4 Nc6 21.Qe3 Nd4
22.Rfe1 Raf8 23.Rc3 Qg6 24.Kh1 R8f5 25.Qc1 Rxe4 26.Rxe4 Rxf2 {#R} 0-1

[Event "It (open)"]
[Site "masterchessopen.com - Santiago (Chile)"]
[Round "6"]
[White "Pescio Sergio (CHI)"]
[Black "Sepulveda Andres (CHI)"]
[Result "0-1"]
[WhiteElo "2118"]
[BlackElo "2260"]

1.d4 c5 2.d5 e5 3.e4 d6 4.Bb5+ Bd7 5.a4 g6 6.Na3 a6 7.Bxd7+ Nxd7 8.Bd2 Qh4
9.Ne2 Qxe4 10.O-O Qxd5 11.Nc3 Qc6 12.Bg5 Be7 13.f4 Bxg5 14.fxg5 Ne7 15.Nc4 d5
16.Na5 Qe6 17.Nxb7 O-O 18.Na5 Rad8 19.Qd2 c4 20.b4 Qb6+ 21.Kh1 Qxb4 {#R} 0-1

[Event "It (open)"]
[Site "masterchessopen.com - Seefeld (Austria)"]
[Round "1"]
[White "Dittmar Peter (GER)"]
[Black "Frank Albert (BEL)"]
[Result "1-0"]
[WhiteElo "2305"]
[BlackElo "1934"]

1.d4 c5 2.d5 e5 3.e4 a6 4.a4 d6 5.Nc3 Be7 6.a5 Bg5 7.Bxg5 Qxg5 8.Nf3 Qh6 9.Nd2
Nd7 10.Nc4 Rb8 11.Ra3 Ke7 12.Be2 Ngf6 13.O-O Rd8 14.Rb3 g6 15.Qe1 Ne8 16.Bg4
Nb6 17.Rxb6 Bxg4 18.f4 f6 19.fxe5 fxe5 20.Qf2 Rd7 21.Qg3 {#r} 1-0

[Event "Ch Slovakia (team) 1997/98 (1 liga) East"]
[Site "masterchessopen.com - Slovakia"]
[Round "9"]
[White "Kovacs Janos (HUN)"]
[Black "Bakalar Jan (SVK)"]
[Result "0-1"]
[WhiteElo "2129"]
[BlackElo "2017"]

1.d4 c5 2.d5 e5 3.c4 d6 4.Nc3 Ne7 5.e4 Ng6 6.g3 Be7 7.h4 O-O 8.Nh3 Na6 9.Ng5
Nh8 10.Qh5 h6 11.a3 Nc7 12.Bd3 Bd7 13.f4 f6 14.Nh3 a6 15.Qe2 b5 16.f5 bxc4
17.Bxc4 Nb5 18.Bxb5 axb5 19.g4 Nf7 20.Be3 b4 21.axb4 {#R} 0-1

[Event "Cup Yugoslavia (team)"]
[Site "masterchessopen.com - Ulcinj (Yugoslavia)"]
[Round "2"]
[White "Prelevic Dusko (SRB)"]
[Black "Scekic Milos (SRB)"]
[Result "1-0"]
[WhiteElo "2305"]
[BlackElo "2440"]

1.d4 c5 2.d5 e5 3.e4 d6 4.f4 exf4 5.Bxf4 Ne7 6.Bb5+ Bd7 7.Bxd7+ Qxd7 8.Nf3 Ng6
9.Bg3 Be7 10.O-O f6 11.Nbd2 O-O 12.a4 f5 13.exf5 Rxf5 14.Ne4 Na6 15.Qd2 Nc7
16.Nc3 Rf7 17.b3 Bf6 18.Rae1 b5 19.axb5 Nxb5 20.Qd3 Nd4 21.Qa6 Nxf3+ 22.Rxf3
Ne5 23.Rff1 g6 24.Rxf6 Rxf6 25.Bxe5 Rf7 26.Qxd6 Re8 27.Qxd7 Rxd7 28.Bg3 {#r}
1-0

[Event "Ch Poland (team) (2nd liga)"]
[Site "masterchessopen.com - Wisla (Poland)"]
[Round "0"]
[White "Gola Martin (CZE)"]
[Black "Kopacz Grzegorz (POL)"]
[Result "0-1"]
[WhiteElo "2320"]
[BlackElo "2197"]

1.d4 c5 2.d5 e5 3.c4 d6 4.Nc3 Be7 5.g3 a6 6.Bg2 Bg5 7.Nf3 Bxc1 8.Qxc1 Ne7
9.Nh4 Ng6 10.Nxg6 hxg6 11.h4 Nd7 12.a3 Rb8 13.Ne4 Qc7 14.h5 f5 15.h6 fxe4
16.hxg7 Rxh1+ 17.Bxh1 Nf6 18.Qh6 Qf7 19.Bxe4 Nxe4 20.Qh8+ Ke7 21.g8=Q Qxf2+
22.Kd1 Qf1+ 23.Kc2 Qxe2+ 24.Kc1 Qd2+ 25.Kb1 Nc3+ 26.bxc3 Bf5# 0-1

[Event "Ch Azerbaijan"]
[Site "masterchessopen.com - Baku (Azerbaijan)"]
[Round "8"]
[White "Gadjiev Shahin (AZE)"]
[Black "Pavlenko Oleg (AZE)"]
[Result "0-1"]
[WhiteElo "2250"]
[BlackElo "2295"]

1.d4 c5 2.d5 e5 3.e4 d6 4.Nc3 g6 5.f4 exf4 6.Bxf4 a6 7.Nf3 Bh6 8.Qd2 Bxf4
9.Qxf4 Qf6 10.Qg3 Nd7 11.O-O-O Ne7 12.e5 dxe5 13.Ne4 Qf4+ 14.Qxf4 exf4 15.Nd6+
Kf8 16.Ng5 Ne5 17.Re1 f6 18.Nge4 Kg7 19.Nxc5 Nxd5 20.Nd3 Rd8 21.Nxe5 fxe5
22.Nc4 Bf5 23.Rxe5 Rac8 24.c3 Rc7 25.Re1 b5 26.Nd2 Nxc3 27.bxc3 Rxc3+ 28.Kd1
{#R} 0-1

[Event "Ch Lebanon"]
[Site "masterchessopen.com - Beirut (Lebanon)"]
[Round "6"]
[White "Majed Ali (LIB)"]
[Black "Somev Abdo (LIB)"]
[Result "0-1"]
[WhiteElo "2240"]
[BlackElo "2140"]

1.d4 c5 2.d5 e5 3.e4 d6 4.Bb5+ Nd7 5.Nf3 a6 6.Bd3 Be7 7.a4 Ngf6 8.Nbd2 O-O
9.Nc4 b6 10.O-O Rb8 11.Bd2 Qc7 12.Qe2 b5 13.axb5 axb5 14.Nxd6 Bxd6 15.Bxb5 Nb6
16.Ra2 Bd7 17.Ra6 Bxb5 18.Qxb5 Nbxd5 19.Qd3 c4 20.Qe2 Nb4 21.Bxb4 Rxb4 22.c3
Rb7 23.Rfa1 Rfb8 24.Qd2 Bf8 {#R} 0-1

[Event "It (open)"]
[Site "masterchessopen.com - Benasque (Spain)"]
[Round "8"]
[White "Izeta Txabarri Felix (ESP)"]
[Black "Alvarez Ibarra Rafael (ESP)"]
[Result "1-0"]
[WhiteElo "2505"]
[BlackElo "2401"]

1.d4 c5 2.d5 e5 3.e4 d6 4.Nc3 a6 5.a4 Be7 6.Be2 Bg5 7.Nf3 Bxc1 8.Qxc1 Ne7
9.Nd2 Nd7 10.Nc4 Nb6 11.Ne3 f5 12.a5 f4 13.axb6 fxe3 14.Qxe3 Qxb6 15.Bb5+ Bd7
16.Bxd7+ Kxd7 17.O-O Kc7 18.Na4 Qb5 19.b4 Qxb4 20.c3 Qb5 21.Rfb1 Qe8 22.Nxc5
dxc5 23.Qxc5+ Kb8 24.Rxb7+ Kxb7 25.Rb1+ Qb5 26.Qxe7+ Kb6 27.Qd6+ {#r} 1-0

[Event "It (open)"]
[Site "masterchessopen.com - Bethune (France)"]
[Round "0"]
[White "Karr Jean-Philippe (FRA)"]
[Black "Chalmeton Guillaume (FRA)"]
[Result "1-0"]
[WhiteElo "2321"]
[BlackElo "2049"]

1.d4 c5 2.d5 e5 3.e4 d6 4.Nc3 a6 5.a4 Be7 6.f4 exf4 7.Bxf4 Bg5 8.Qd2 Bxf4
9.Qxf4 Ne7 10.Nf3 Ng6 11.Qg3 Qe7 12.h4 h5 13.O-O-O Bg4 14.e5 Nxe5 15.Nxe5 dxe5
16.Be2 Bxe2 17.Qxg7 Rf8 18.d6 {#r} 1-0

[Event "It (open)"]
[Site "masterchessopen.com - Bethune (France)"]
[Round "0"]
[White "Peric Slavisa (SRB)"]
[Black "Duquenne Eric (FRA)"]
[Result "1-0"]
[WhiteElo "2370"]
[BlackElo "2103"]

1.d4 c5 2.d5 e5 3.e4 d6 4.Nc3 g6 5.Nf3 Bg7 6.Be2 Ne7 7.h4 h5 8.Be3 a6 9.a4 b6
10.Nd2 Bh6 11.Bxh6 Rxh6 12.Nc4 Qc7 13.Qd2 Rh7 14.f4 f6 15.fxe5 fxe5 16.O-O Nd7
17.Qg5 Bb7 18.Rf2 O-O-O 19.Raf1 Rg8 20.Rf7 {#r} 1-0

[Event "It (open)"]
[Site "masterchessopen.com - Boblingen (Germany)"]
[Round "0"]
[White "Tuncer Ufuk (TUR)"]
[Black "Egli Urs (SUI)"]
[Result "0-1"]
[WhiteElo "2331"]
[BlackElo "2091"]

1.d4 c5 2.d5 e5 3.e4 Na6 4.a4 Nc7 5.Na3 d6 6.Nc4 g6 7.f3 h5 8.g3 Nh6 9.Bh3 f5
10.Be3 g5 11.exf5 Nxf5 12.Bxf5 Bxf5 13.Qd2 Rg8 14.O-O-O g4 15.Qe2 Qd7 16.b3 b5
17.Nb2 c4 18.axb5 cxb3 19.c4 Nxb5 {#R} 0-1

[Event "Extra League 1998/99"]
[Site "masterchessopen.com - Czech Republic"]
[Round "11"]
[White "Votava Petr (CZE)"]
[Black "Suran Jan (CZE)"]
[Result "1-0"]
[WhiteElo "2215"]
[BlackElo "2338"]

1.d4 c5 2.d5 e5 3.e4 d6 4.Nc3 Be7 5.Bb5+ Kf8 6.a4 h6 7.f4 exf4 8.Bxf4 Bg5
9.Qd2 Bxf4 10.Qxf4 Ne7 11.Nf3 Ng6 12.Qg3 a6 13.Bd3 Qe7 14.O-O Nd7 15.e5 Ngxe5
16.Rae1 Kg8 17.Ne4 g6 18.Nxd6 Qxd6 19.Nxe5 Nxe5 20.Rxe5 Kg7 21.Ref5 {#r} 1-0

[Event "Moravian League 1999/00 (1st)"]
[Site "masterchessopen.com - Czech Republic"]
[Round "4"]
[White "Jasny Stanislav (CZE)"]
[Black "Stratil Petr (CZE)"]
[Result "1-0"]
[WhiteElo "1858"]
[BlackElo "2250"]

1.d4 c5 2.d5 e5 3.e4 d6 4.Nc3 a6 5.a4 Be7 6.Nf3 Bg4 7.Be2 Bxf3 8.Bxf3 Bg5
9.Bxg5 Qxg5 10.Qd2 Qe7 11.Nd1 Nf6 12.Ne3 g6 13.Nc4 O-O 14.a5 Nbd7 15.Ra3 Kh8
16.Rb3 Rab8 17.Qg5 Kg7 18.h4 h6 19.Qd2 Ne8 20.h5 f5 21.hxg6 f4 22.Bg4 Ndf6
23.Bf5 Nc7 24.Rbh3 Ng8 25.g3 Rbe8 26.g4 Nf6 27.Rxh6 Rh8 28.g5 {#r} 1-0

[Event "Ch France (juniors) (under 20)"]
[Site "masterchessopen.com - France"]
[Round "3"]
[White "Benitah Yohan (FRA)"]
[Black "Capitaine Adrien (FRA)"]
[Result "1-0"]
[WhiteElo "2381"]
[BlackElo "2004"]

1.d4 c5 2.d5 e5 3.c4 d6 4.Nc3 g6 5.h4 Bg7 6.e4 Ne7 7.h5 f5 8.hxg6 hxg6 9.Rxh8+
Bxh8 10.exf5 gxf5 11.Qh5+ Kd7 12.Bg5 Qf8 13.Bd3 e4 14.Bc2 Bxc3+ 15.bxc3 Qg7
16.Ne2 Kc7 17.Qh4 Kd8 18.Bf6 Qf7 19.Nf4 a5 20.Bd1 Kd7 21.Ba4+ Kd8 22.Ng6 {#r}
1-0

[Event "Ch World (seniors)"]
[Site "masterchessopen.com - Gladenbach (Germany)"]
[Round "8"]
[White "Rotstein Efim (GER)"]
[Black "Mosionzhik Ilya (RUS)"]
[Result "1-0"]
[WhiteElo "2339"]
[BlackElo "2245"]

1.d4 c5 2.d5 e5 3.e4 d6 4.Nc3 g6 5.f4 exf4 6.Bxf4 Bh6 7.Bg3 Nf6 8.Bb5+ Bd7
9.Bxd6 Bxb5 10.Nxb5 Qa5+ 11.Nc3 Nxe4 12.Qe2 f5 13.Nf3 Nd7 14.O-O O-O-O 15.Nxe4
Rhe8 16.Be7 Rxe7 17.Nd6+ Kc7 18.Qxe7 Bf8 19.Qxd8+ {#r} 1-0

[Event "Ch Vietnam (juniors) (under 17) (g)"]
[Site "masterchessopen.com - Ho Chi Minh City (Vietnam)"]
[Round "5"]
[White "Dao Thien Hai (VIE)"]
[Black "Tu Hoang Thai (VIE)"]
[Result "1-0"]
[WhiteElo "2543"]
[BlackElo "2269"]

1.d4 c5 2.d5 e5 3.Nc3 d6 4.e4 Ne7 5.Be2 Ng6 6.g3 a6 7.a4 Be7 8.h4 h6 9.Be3 Bf6
10.Qd2 Qa5 11.Ra3 Nd7 12.Qc1 Ndf8 13.Kf1 Nh7 14.Nb1 Be7 15.Nd2 Bd7 16.Kg2 Nf6
17.h5 Nf8 18.f3 N8h7 19.Qb1 O-O 20.Nc4 Qc7 21.a5 Rab8 22.g4 Bb5 23.Nh3 Nd7
24.Qc1 f6 25.Bf1 Ng5 26.Nf2 Rfc8 27.Nd1 Qd8 28.Bf2 Qf8 {#r} 1-0